Central Library OPAC University of Rajshahi

A community of scholars; (Record no. 47092)

MARC details
000 -LEADER
fixed length control field 01289nam a2200253 a 4500
001 - CONTROL NUMBER
control field 47092
003 - CONTROL NUMBER IDENTIFIER
rucl marc code BD-RjUL
005 - DATE AND TIME OF LATEST TRANSACTION
control field 20211209054247.0
008 - FIXED-LENGTH DATA ELEMENTS--GENERAL INFORMATION
fixed length control field 160807s1965 nyu b 000 0 eng
035 ## - SYSTEM CONTROL NUMBER
System control number (BD-RjUL)47211
System control number (OCoLC)190092
040 ## - CATALOGING SOURCE
Original cataloging agency DLC
Transcribing agency ODaWU
Modifying agency OCoLC
-- DLC
-- BD-RjUL
Language of cataloging eng
041 ## - LANGUAGE CODE
Language code of text/sound track or separate title eng
082 ## - DEWEY DECIMAL CLASSIFICATION NUMBER
Classification number 378.7471
Author mark and year COM 1965
245 02 - TITLE STATEMENT
Title A community of scholars;
Remainder of title the university seminars at Columbia,
Statement of responsibility, etc. edited by Frank Tannenbaum.
260 ## - PUBLICATION, DISTRIBUTION, ETC. (IMPRINT)
Place of publication, distribution, etc. New York :
Name of publisher, distributor, etc. Praeger,
Date of publication, distribution, etc. 1965
300 ## - PHYSICAL DESCRIPTION
Pagination xii, 177 p. ;
Size 22 cm.
505 0# - FORMATTED CONTENTS NOTE
Formatted contents note Origin, growth, and theory of the university seminar movement, by F. Tannenbaum.--A source of spiritual power, by J.H. Randall, Jr.--The rationale, by A. Hofstadter.--The seminars and graduate education, by P.F. Lazarsfeld.--An example of spontaneous administration, by P. Goodman.--The age of the skilled intellectual, by D. Bell.--The seminars and the university, by L.C. Dunn.--A sturdy new institution by M. Mead.--The play of the mind, by P. C. Jessup.--A note of reflection, by G. Seldes.--The potential of the university seminar model, by R. Theobald.
610 20 - SUBJECT ADDED ENTRY--CORPORATE NAME
Corporate name or jurisdiction name as entry element Columbia University
650 #0 - SUBJECT ADDED ENTRY--TOPICAL TERM
Topical term or geographic name as entry element Education, Higher.
9 (RLIN) 143415
700 ## - ADDED ENTRY--PERSONAL NAME
Personal name Tannenbaum, Frank
942 ## - ADDED ENTRY ELEMENTS (KOHA)
Source of classification or shelving scheme Dewey Decimal Classification
Koha item type Books
Holdings
Lost status Source of classification or shelving scheme Damaged status Not for loan Collection code Permanent Location Current Location Shelving location Date acquired Source of acquisition Total Checkouts Full call number Date last seen Copy number Koha item type
  Dewey Decimal Classification     Non-fiction Central Library, University of Rajshahi Central Library, University of Rajshahi   26/02/1971 Zeitlinger   378.7471 COM 1965 07/08/2016 C-2 Books